Plus grandes villes des pays commençant par O - Statistiques

Statistiques générales
  • Ce quiz a été pris 31 fois
  • Le résultat moyen est 4 sur 20
Statistiques - réponses
Nombre d'habitants Ville % Correct
2 700 000 habitants Tachkent
89%
6 710 000 habitants Kampala
79%
1 750 000 habitants Mascate
68%
970 000 habitants Samarcande
25%
450 000 habitants Andijan
7%
250 000 habitants As Sohar
7%
290 000 habitants Boukhara
7%
550 000 habitants Ferghana-Marguilan
7%
280 000 habitants Karchi
7%
220 000 habitants Mbarara
7%
540 000 habitants Namangan
7%
340 000 habitants Noukous
7%
210 000 habitants Ourguentch
7%
430 000 habitants Bawshar
4%
370 000 habitants Jinja
4%
260 000 habitants Kokand
4%
230 000 habitants Marguilan
4%
270 000 habitant Matrah
4%
380 000 habitants Salalah
4%
390 000 habitants Sib
4%
Aucun quiz correspondant
Distribution des résultats
% des personnes avec chaque résultat
Percentile par nombre de réponses
Votre historique - résultats
Vous n’avez pas pris ce quiz